Scots - Sudden Death - Statistics

General Stats
  • This quiz has been taken 574 times
    105 since last reset
  • The average score is 7 of 14
Answers on the Grid
Answers color-coded by a green-red scale on the quiz's grid according to % correct below.
Robert Burns
Enya
Cillian Murphy
William Wallace
Oscar Wilde
Liam Neeson
Alex Ferguson
Pierce Brosnan
Adam Smith
James Joyce
Lewis Capaldi
Conor McGregor
Gerard Butler
Alexander Fleming
Brian O'Driscoll
Kenny Dalglish
Sinéad O'Connor
Robert the Bruce
Walter Scott
Colin Farrell
Hozier
Bram Stoker
David Tennant
George Best
James Watt
Graham Norton
James McAvoy
Roy Keane
Annie Lennox
Tom Jones
 
Answer Stats
Answer % Correct
William Wallace
76%
Robert Burns
71%
Adam Smith
57%
Alex Ferguson
57%
Robert the Bruce
53%
Alexander Fleming
50%
David Tennant
48%
Annie Lennox
47%
James McAvoy
47%
Walter Scott
47%
Gerard Butler
43%
James Watt
41%
Lewis Capaldi
41%
Kenny Dalglish
40%
No matching quizzes found
Score Distribution
Percent of People with Each Score
Percentile by Number Answered
Your Score History
You have not taken this quiz since the last reset